| 000 | 01680nam0a2200373 4500 | ||
|---|---|---|---|
| 001 | RU\NLR\bibl\38099 | ||
| 005 | 20260407074613.0 | ||
| 010 |
_a5-7510-0166-4 _91000 |
||
| 035 | _a(NLR Aleph) 000037126 | ||
| 090 |
_a191309 _c191309 |
||
| 100 | _a19990712d1999 |||y0rusy50 ca | ||
| 101 | 0 | _amul | |
| 102 | _aRU | ||
| 105 | _aa ||||||||| | ||
| 200 | 1 |
_aВсемирный Пушкин _dPushkin world-wide _eИл. кат. из фондов РГБ _f[Рос. гос. б-ка _gСост. Аристова В.И. и др. _gРед. Бавин С.П. _gХудож. Крючков В.А.] |
|
| 210 |
_aМ. _cПашков Дом _d1999 |
||
| 215 |
_a[1],127 с. _cцв. ил., факс. _d27 |
||
| 510 | 0 |
_aPushkin world-wide _zeng |
|
| 600 | 1 |
_aПушкин _bА. С. _f1799-1837 _gАлександр Сергеевич _2psbo |
|
| 604 |
_1200#1$aПушкин$gАлександр Сергеевич$bА.С.$f1799 - 1837 _1235|#$aСочинения$xПереводы _aПушкин, Александр Сергеевич (1799 - 1837) _tСочинения _jКаталоги _3RU\NLR\AUTH\66929862 _xПереводы _92020579 |
||
| 686 | _aШ5(2=Р)51-4Пушкин418.7я1 | ||
| 686 | _aШ5(0)-318 | ||
| 702 | 1 |
_aАристова _bВ. И. _4220 |
|
| 702 | 1 |
_aБавин _bС. П. _4340 |
|
| 711 | 0 | 2 |
_aРоссийская государственная библиотека _9278072 _3RU\NLR\AUTH\883411 |
| 801 | 0 |
_aRU _bNLR _c19990712 _gPSBO |
|
| 801 | 1 |
_aRU _bNLR _c19990712 |
|
| 852 |
_aNLR _jС К-4/831 |
||
| 942 | _cBOOK | ||
| 980 | _aNB | ||